| 000 | 01249nam a2200217Ia 4500 | ||
|---|---|---|---|
| 003 | Ost | ||
| 005 | 20260507075353.0 | ||
| 008 | 260507s9999||||xx |||||||||||||| ||und|| | ||
| 040 | _cfsecg | ||
| 041 | _aara | ||
| 082 | _a330 | ||
| 100 |
_aالبنا، محمد _eمؤلف |
||
| 245 | 0 |
_aاقتصاديات المالية العامة : _bمدخل حديث / _c محمد البنا |
|
| 260 |
_aالاسكندرية: _bالدار الجامعية, _c2009 |
||
| 300 |
_a340 صفحة؛ _bإيضاحات ؛ _c24 سم |
||
| 520 | _aدور الدولة في النشاط الاقتصادي- مفهوم الموازنة العامة- النشاط الاقتصادي للدولة- السياسة المالية للدولة- الايرادات العامة للدولة- مصادر الارادات العامة- التنظيم الفني للضريبة- نظرية ضريبة الدخل- الاثار الاقتصادية للضريبة- النفقات العامة للدولة- النفقات العامة- النفقات التحويلية و الدعم- الدعم الحكومي للفقراء في مصر | ||
| 653 | _aالإقتصاد | ||
| 653 | _aالاقتصاد المالي | ||
| 653 | _aالمالية العامة | ||
| 942 | _cكتاب | ||
| 999 |
_c44161 _d44161 |
||